000 00526nam a2200169Ia 4500
999 _c22031
_d22031
003 OSt
005 20200515090732.0
008 190216s9999||||xx |||||||||||||| ||und||
040 _coclc
082 _a297.1243
_bSID/S
100 _a Siddiqi, Abdul Hamid
_92218
245 0 _aSahih Muslim Vol 4 /
_cAbdul Hamid Siddiqi
260 _bKitab Bhavan,
_c1978.
_aNew Delhi:
300 _a1613p
650 0 _aHistory & geography
_vIslamic History
_92271
942 _cBK
_2ddc
_h297.1243
_iSID/S
_k297.1243
_mSID/S